00925cam a2200277 450000100060000000300050000600500170001100800410002802000390006904000100010804100130011804200090013108400120014010000390015224501010019125000110029226000540030330000410035750000440039850000600044265000190050265000190052170000420054070000140058274000510059630432KVGH20250701154443.0111208s2013 ch a f 000 0 chi d a9789861579399 (精裝) :cNT$2,800 aVGHKS1 achiheng anbic a416.0251 a佐林格,c(Zollinger, Robert M.)10aZollinger's外科手術圖譜 /cRobert M. Zollinger, E.Christopher Ellison原著 ; 楊明杰譯 a初版 a臺北市 :b麥格羅.希爾 :b合記,c2013.01 a629 面 :b彩圖, 表 ;c27 公分 a著者分別譯為佐林格、埃利森 a譯自 : Zollinger's atlas of surgical operations, 9th. 7a外科2lcstt. 7a圖錄2lcstt.1 a埃利森,c(Ellison, E. Christopher)1 a楊明杰0 aZollinger's atlas of surgical operations, 9th.